RICS announces first NVQ successes (Record no. 69229)
[ view plain ]
| 000 -LEADER | |
|---|---|
| fixed length control field | 00967cam a2200217 4500 |
| 001 - CONTROL NUMBER | |
| control field | WB3801-45 |
| 008 - FIXED-LENGTH DATA ELEMENTS--GENERAL INFORMATION | |
| fixed length control field | 020109n2002 000 0 eng u |
| 035 ## - SYSTEM CONTROL NUMBER | |
| System control number | (Sirsi) u116208 |
| 245 ## - TITLE STATEMENT | |
| Title | RICS announces first NVQ successes |
| 260 ## - PUBLICATION, DISTRIBUTION, ETC. | |
| Date of publication, distribution, etc. | 2002 |
| 490 ## - SERIES STATEMENT | |
| Series statement | RICS News Service |
| Volume/sequential designation | 18 December 2001, (1) |
| 520 ## - SUMMARY, ETC. | |
| Summary, etc. | RICS has announced that its first set of candidates have achieved their NVQs through the Property, Architecture and Construction Services NVQ Assessment Centre. Most of these candidates are now proceeding to the final assessment of the Assessment of Technical Competence and will shortly become TechRICS members of the RICS. For details on how to attain TechRICS membership of RICS via NVQs, T: +44 (0) 870 333 1600; or email: [email protected] |
| 590 ## - LOCAL NOTE (RLIN) | |
| Local note | WB |
| 650 ## - SUBJECT ADDED ENTRY--TOPICAL TERM | |
| Topical term or geographic name entry element | NVQS |
| 650 ## - SUBJECT ADDED ENTRY--TOPICAL TERM | |
| Topical term or geographic name entry element | CAREERS, EDUCATION AND TRAINING |
| 650 ## - SUBJECT ADDED ENTRY--TOPICAL TERM | |
| Topical term or geographic name entry element | TECHRICS |
| 650 ## - SUBJECT ADDED ENTRY--TOPICAL TERM | |
| Topical term or geographic name entry element | ATC |
| 650 ## - SUBJECT ADDED ENTRY--TOPICAL TERM | |
| Topical term or geographic name entry element | QUALIFICATIONS |
| 690 ## - LOCAL SUBJECT ADDED ENTRY--TOPICAL TERM (OCLC, RLIN) | |
| Topical term or geographic name as entry element | RICS NEWS |
| 942 ## - ADDED ENTRY ELEMENTS (KOHA) | |
| Suppress in OPAC | 0 |
| Withdrawn status | Lost status | Source of classification or shelving scheme | Damaged status | Not for loan | Home library | Current library | Shelving location | Date acquired | Total Checkouts | Full call number | Barcode | Date last seen | Copy number | Price effective from | Koha item type |
|---|---|---|---|---|---|---|---|---|---|---|---|---|---|---|---|
| Dewey Decimal Classification | London | London | News article | 09/01/2002 | WB3801-45 | 116208-1001 | 06/08/2019 | 1 | 06/08/2019 | News article |